Statistics for Archipelagic Countries

Click here to take the quiz!

General Stats

  • This quiz has been taken 18 times
  • The average score is 18 of 22

Answer Stats

Capital CityArchipelagic Country% Correct
Santo DomingoDominican Republic
100%
JakartaIndonesia
100%
Port MoresbyPapua New Guinea
100%
ManilaPhilippines
100%
NassauBahamas
94%
KingstonJamaica
94%
MaléMaldives
94%
São ToméSão Tomé and Príncipe
94%
Port of SpainTrinidad and Tobago
94%
St. John'sAntigua and Barbuda
89%
SuvaFiji
89%
MoroniComoros
83%
South TarawaKiribati
78%
PraiaCape Verde
72%
VictoriaSeychelles
72%
FunafutiTuvalu
72%
St. George'sGrenada
67%
MajuroMarshall Islands
67%
Port LouisMauritius
67%
KingstownSaint Vincent and the Grenadines
67%
HoniaraSolomon Islands
67%
Port VilaVanuatu
61%

Score Distribution

Percentile by Number Answered

Percent of People with Each Score

Your Score History

You have not taken this quiz